000 00585nam a2200169 i 4500
001 182134
003 ES-MaACL
005 20230906221533.0
008 130619s1968 sp |||| | spa d
100 0 _aRull Sabater, Alberto.
_9100979
245 1 0 _aSistema de indicadores socioeconómicos /
_cpor Alberto Rull Sabater.
260 _aMadrid :
_bMoneda y Crédito,
_c1968.
300 _aP. 89-115 ;
_c24 cm.
595 _aSeparata de la revista Moneda y Crédito, nº106, septiembre 1968.
650 0 4 _aIndicadores socioeconómicos-
_zEspaña.
_913665
852 _aES-MaACL
_j2190-F-24
999 _c182134
_d182134